000 00951nam a2200265Ia 4500
003 OSt
005 20220923211000.0
006 a|||||r|||| 00| 0
007 ta
008 220922b |||||||| |||| 00| 0 urd d
020 _a8170162386 (hbk)
_c125
024 _a233,845
037 _b428, 04/03/2008, University Book House
_cTextual
040 _aARTS
_cARTS
_burd
041 _2urd
_aurd
082 _aO168,3N25x, 152N5
100 _aजोगिंदर पाल; कृष्णा पाल, अनु.
_9156821
245 0 _aकहॉं
246 _aKahaॉan
260 _aनयी दिल्ली
_b किताबघर
_c1995
300 _a300पृ0
_ccm.
650 _aउर्दू साहित्य
_9156822
942 _hO168,3N25x, 152N5
_cTEXL
_2CC
999 _c293487
_d293487